Hindi Anuvad (Record no. 231581)
[ view plain ]
| 000 -LEADER | |
|---|---|
| fixed length control field | 00881nam a22002777a 4500 |
| 005 - DATE AND TIME OF LATEST TRANSACTION | |
| control field | 20250123095115.0 |
| 008 - FIXED-LENGTH DATA ELEMENTS--GENERAL INFORMATION | |
| fixed length control field | 240826b ||||| |||| 00| 0 eng d |
| 020 ## - INTERNATIONAL STANDARD BOOK NUMBER | |
| International Standard Book Number | 9789395107372 |
| 040 ## - CATALOGING SOURCE | |
| Transcribing agency | AL |
| 041 ## - LANGUAGE CODE | |
| Language code of text/sound track or separate title | Hindi |
| 082 ## - DEWEY DECIMAL CLASSIFICATION NUMBER | |
| Edition number | 23 |
| Classification number | H491.802 |
| Item number | KASH |
| 100 ## - MAIN ENTRY--PERSONAL NAME | |
| Personal name | Nidhi Kashyap |
| 100 ## - MAIN ENTRY--PERSONAL NAME | |
| 9 (RLIN) | 194713 |
| 100 ## - MAIN ENTRY--PERSONAL NAME | |
| 9 (RLIN) | 177895 |
| Dates associated with a name | निधि कश्यप |
| 245 ## - TITLE STATEMENT | |
| Title | Hindi Anuvad |
| Remainder of title | हिन्दी अनुवाद |
| 260 ## - PUBLICATION, DISTRIBUTION, ETC. | |
| Place of publication, distribution, etc. | Kanpur |
| Name of publisher, distributor, etc. | Aman Prakashan |
| Date of publication, distribution, etc. | 2023 |
| 300 ## - PHYSICAL DESCRIPTION | |
| Extent | 240 p. |
| Other physical details | HB |
| Dimensions | 21.5x14 cm. |
| 365 ## - TRADE PRICE | |
| Price type code | 127 p. |
| Price amount | ₹525.00 |
| Currency code | ₹ |
| Unit of pricing | ₹700.00 |
| Price note | 25% |
| Price effective from | 31-07-2024 |
| 650 ## - SUBJECT ADDED ENTRY--TOPICAL TERM | |
| Topical term or geographic name entry element | Hindi Language |
| 9 (RLIN) | 177888 |
| 650 ## - SUBJECT ADDED ENTRY--TOPICAL TERM | |
| Topical term or geographic name entry element | Rashtriya Shiksha Niti 2020 ke Anurupa |
| 9 (RLIN) | 177889 |
| 700 ## - ADDED ENTRY--PERSONAL NAME | |
| Personal name | KASHYAP (Nidhi) |
| 9 (RLIN) | 177890 |
| 700 ## - ADDED ENTRY--PERSONAL NAME | |
| Personal name | PRATAP (Manu) |
| 9 (RLIN) | 177891 |
| 700 ## - ADDED ENTRY--PERSONAL NAME | |
| Personal name | PATEL (Anuj) |
| 9 (RLIN) | 177892 |
| 700 ## - ADDED ENTRY--PERSONAL NAME | |
| Personal name | TRIPATHI (Gyanendra Mani) |
| 9 (RLIN) | 177893 |
| 700 ## - ADDED ENTRY--PERSONAL NAME | |
| Personal name | PRACHI |
| 9 (RLIN) | 177894 |
| 942 ## - ADDED ENTRY ELEMENTS (KOHA) | |
| Source of classification or shelving scheme | Dewey Decimal Classification |
| Koha item type | Book |
| Withdrawn status | Lost status | Source of classification or shelving scheme | Damaged status | Not for loan | Collection code | Home library | Current library | Date acquired | Source of acquisition | Cost, normal purchase price | Total Checkouts | Full call number | Barcode | Date last seen | Cost, replacement price | Price effective from | Koha item type |
|---|---|---|---|---|---|---|---|---|---|---|---|---|---|---|---|---|---|
| Dewey Decimal Classification | Hindi | St Aloysius Library | St Aloysius Library | 08/22/2024 | Aman Prakashan | 525.00 | H491.802 KASH | 077307 | 08/26/2024 | 700.00 | 08/26/2024 | Book |